00362cam a22001097a 4500008004000000082001800040100002100058245010300079260002400182300001000206650003600216180718b1987 xxu||||| |||| 00| 0 eng d aY15x5434 R731 aRosin, R. Thomas aLand reform and agrarian change : study of a Marwar village from Raj to Swarajcby R. Thomas Rosin aJaipurbRawatc1987 a252p. aLand tenure - India - Rajasthan